| 000 | 00499nam a22001577a 4500 | ||
|---|---|---|---|
| 005 | 20251108172147.0 | ||
| 008 | 250721s1977 xx 000 0 ara d | ||
| 082 | 1 | 4 | _a664/عز |
| 100 | 1 | _aفراج، عز الدين | |
| 245 | 1 | 0 | _aالصناعات الغذائية في المصانع و المدارس و المنازل / |
| 264 | 1 |
_aالقاهرة : _bدار الفكر العربي، _c1977. |
|
| 300 | _a237ص | ||
| 650 | 1 | 7 | _aصناعة الإغذية |
| 942 |
_2ddc _cBK |
||
| 999 |
_c71942 _d71942 |
||